<?xml version="1.0" encoding="UTF-8"?>
<record
    xmlns:xsi="http://www.w3.org/2001/XMLSchema-instance"
    xsi:schemaLocation="http://www.loc.gov/MARC21/slim http://www.loc.gov/standards/marcxml/schema/MARC21slim.xsd"
    xmlns="http://www.loc.gov/MARC21/slim">

  <leader>00902nam a2200265 c 4500</leader>
  <controlfield tag="001">a5180706</controlfield>
  <controlfield tag="003">CO-ViMGA</controlfield>
  <controlfield tag="005">20230915234534.0</controlfield>
  <controlfield tag="008">120320s2011    sp a   | |||| 000 1 spa  </controlfield>
  <datafield tag="020" ind1=" " ind2=" ">
    <subfield code="a">9788498857955</subfield>
  </datafield>
  <datafield tag="040" ind1=" " ind2=" ">
    <subfield code="a">CO-ViMGA</subfield>
    <subfield code="b">spa</subfield>
    <subfield code="c">CO-ViMGA</subfield>
  </datafield>
  <datafield tag="041" ind1="1" ind2=" ">
    <subfield code="h">eng</subfield>
  </datafield>
  <datafield tag="082" ind1="0" ind2="4">
    <subfield code="a">741.5</subfield>
    <subfield code="b">B78a</subfield>
  </datafield>
  <datafield tag="100" ind1="1" ind2=" ">
    <subfield code="a">Brubaker, Ed</subfield>
    <subfield code="d">1966-</subfield>
    <subfield code="9">8870</subfield>
  </datafield>
  <datafield tag="245" ind1="1" ind2="0">
    <subfield code="a">Ascensi&#xF3;n y cad&#x315;a del Imperio Shi'ar /</subfield>
    <subfield code="c">[guion] Ed Brubaker ; [dibujo] Billy Tan, Clayton Henry ; [traducci&#xF3;n, Santiago Garc&#xED;a]</subfield>
  </datafield>
  <datafield tag="260" ind1=" " ind2=" ">
    <subfield code="a">Torroella de Montgr&#xED;, Girona</subfield>
    <subfield code="b">Panini Espa&#xF1;a ;</subfield>
    <subfield code="a">[Barcelona]</subfield>
    <subfield code="b">distribuci&#xF3;n, SD Distribuciones</subfield>
    <subfield code="c">D.L. 2011</subfield>
  </datafield>
  <datafield tag="300" ind1=" " ind2=" ">
    <subfield code="a">[296] p.</subfield>
    <subfield code="b">principalmente il. col.</subfield>
    <subfield code="c">27 cm.</subfield>
  </datafield>
  <datafield tag="490" ind1="0" ind2=" ">
    <subfield code="a">Marvel deluxe</subfield>
  </datafield>
  <datafield tag="490" ind1="0" ind2=" ">
    <subfield code="a">Patrulla X</subfield>
  </datafield>
  <datafield tag="650" ind1="1" ind2="4">
    <subfield code="a">Comics </subfield>
    <subfield code="9">284</subfield>
  </datafield>
  <datafield tag="650" ind1="1" ind2="4">
    <subfield code="a">Tiras comicas, historietas, etc.</subfield>
    <subfield code="9">2479</subfield>
  </datafield>
  <datafield tag="700" ind1="1" ind2=" ">
    <subfield code="a">Henry, Clayton</subfield>
    <subfield code="9">8875</subfield>
  </datafield>
  <datafield tag="700" ind1="1" ind2=" ">
    <subfield code="a">Tan, Billy</subfield>
    <subfield code="9">8874</subfield>
  </datafield>
  <datafield tag="942" ind1=" " ind2=" ">
    <subfield code="2">ddc</subfield>
    <subfield code="c">BK</subfield>
  </datafield>
  <datafield tag="999" ind1=" " ind2=" ">
    <subfield code="c">37835</subfield>
    <subfield code="d">37835</subfield>
  </datafield>
  <datafield tag="952" ind1=" " ind2=" ">
    <subfield code="0">1</subfield>
    <subfield code="1">0</subfield>
    <subfield code="2">ddc</subfield>
    <subfield code="4">1</subfield>
    <subfield code="5">1</subfield>
    <subfield code="7">0</subfield>
    <subfield code="8">002</subfield>
    <subfield code="a">MEVIECAR</subfield>
    <subfield code="b">MEVIECAR</subfield>
    <subfield code="d">2017-04-25</subfield>
    <subfield code="l">0</subfield>
    <subfield code="o">741.5  B78a</subfield>
    <subfield code="p">031884</subfield>
    <subfield code="r">2018-09-04 00:00:00</subfield>
    <subfield code="w">2017-04-25</subfield>
    <subfield code="y">BK</subfield>
  </datafield>
</record>
